JD Cymru Premier Teams 2024-25 - Statistics

General Stats
  • This quiz has been taken 34 times
  • The average score is 8 of 12
Answer Stats
Area of Wales Answer % Correct
Borders The New Saints
100%
South Barry Town United
81%
West Aberystwyth Town
77%
North Bala Town
77%
South East Cardiff Metropolitan University
77%
North West Caernarfon Town
73%
South Penybont
73%
North East Connah's Quay Nomads
69%
North East Flint Town United
69%
South West Haverfordwest County
54%
South Briton Ferry Llansawel
46%
Mid Wales Newtown
46%
No matching quizzes found
Score Distribution
Percent of People with Each Score
Percentile by Number Answered
Your Score History
You have not taken this quiz